La création du droit: aspects sociaux
Saved in:
| Format: | Bog |
|---|---|
| Sprog: | fransk |
| Udgivet: |
París
Centre National de la Recherche Scientifique
1981
|
| Fag: | |
| Tags: |
Tilføj Tag
Ingen Tags, Vær først til at tagge denne postø!
|
MARC
| LEADER | 00000nam a2200000 a 4500 | ||
|---|---|---|---|
| 001 | UCY9301 | ||
| 003 | CL-VaPUC | ||
| 008 | 950713e19810000FR |||||||||||||||||fre|d | ||
| 082 | 0 | 4 | |a 340.11 |b CRE |2 21 |
| 245 | 1 | 3 | |a La création du droit: aspects sociaux |
| 300 | |a 332 p | ||
| 942 | |c BK | ||
| 945 | |d 19950713 00:00:00 |a aalvarez | ||
| 260 | |a París |b Centre National de la Recherche Scientifique |c 1981 | ||
| 650 | 0 | |a Jurisprudencia |9 255952 | |
| 650 | 0 | |a Teoría del derecho |9 255982 | |
| 651 | 0 | |a Francia |9 255157 | |
| 651 | 0 | |a Unión Soviética |9 256769 | |
| 583 | |a last modification |c 19950713 00:00:00 |k Rodrigo Vera | ||
| 999 | |c 236424 |d 236422 | ||
| 952 | |0 0 |1 0 |4 0 |6 340_110000000000000_CRE_1981 |7 0 |8 A |9 244505 |a BIBDER |b BIBDER |d 2019-11-18 |i 3108333 |o 340.11 CRE 1981 |p 3108333 |r 2023-01-25 |w 2019-11-18 |y BK |k DER | ||